Fruit A-U - Statistics

General Stats
  • This quiz has been taken 39 times
  • The average score is 8 of 21
Answer Stats
Letter Fruit % Correct
A Apple, avocado, acai berry, apricot
94%
O Orange, olive
72%
C Cantaloupe, cherry, coconut
63%
K Kiwi
63%
R Raspberry, redcurrant
63%
M Mango, mandarin, mulberry
59%
S Strawberry, satsuma
59%
B Blackberry
53%
P Pear, peach, plum
53%
N Nectarine
50%
Q Quince
41%
D Durian, damson
34%
T Tangerine
34%
F Fig
31%
J Jackfruit, juniper berry
31%
E Elderberry, eggfruit, etrog
13%
L Lychee
9%
U Ugli fruit
6%
H Hazelnut
3%
G Golden apple fruit
0%
I Ilama fruit
0%
No matching quizzes found
Score Distribution
Percent of People with Each Score
Percentile by Number Answered
Your Score History
You have not taken this quiz